00481nam a22001817a 450000500170000001000150001702000100003203500130004203700130005508200080006810000160007624500970009226000340018927000420022330000280026570000030029370000030029620100819113936.0 aENG-100941 c50.00 aEN-84474 bDBAD/PUB a920 aAnant Kadam a''The insulted, humiated and persecuted :bfew fragamen of an autobigraphi /cby Anant Kadam aMaharashtrabSwagat Prakashan aNagaland Legislative AssemblybKohima aix, 878 p. b24cm (Pbk)